On line database searching and retrieval: Strategies, procedures, commands and problems: A brief guide (Record no. 40751)

MARC details
000 -LEADER
fixed length control field 00393nam a2200109Ia 4500
082 ## - DEWEY DECIMAL CLASSIFICATION NUMBER
Classification number 02:681.3.022
Item number NEE
100 ## - MAIN ENTRY--AUTHOR NAME
Personal name Neelameghan, A
245 #0 - TITLE STATEMENT
Title On line database searching and retrieval: Strategies, procedures, commands and problems: A brief guide
260 ## - PUBLICATION, DISTRIBUTION, ETC. (IMPRINT)
Place of publication Bangalore
Name of publisher Sarada Ranganathan Endowment for Library Science
Year of publication 1995
942 ## - ADDED ENTRY ELEMENTS (KOHA)
Koha item type Books
Holdings
Withdrawn status Lost status Damaged status Not for loan Home library Current library Date acquired Cost, normal purchase price Full call number Accession Number Koha item type
        RRII Library RRII Library 16/12/2021 500.00 02:681.3.022 NEE 21047 Books